| 000 | 00695nam a2200217Ia 4500 | ||
|---|---|---|---|
| 005 | 20250508165202.0 | ||
| 008 | 008 250505s9999 xx 000 0 eng d | ||
| 020 | _a978-0-415-33663-5 | ||
| 037 | _aReference | ||
| 040 |
_aFEDL _beng _cFEDL |
||
| 041 |
_aeng _2eng |
||
| 084 |
_a301.092, OLS/RR _qFEDL |
||
| 100 | _aOlson David R Ed. | ||
| 245 | 0 | _aTechnology, literacy, and the evolution of society: Implocations of the work of Jack Goody | |
| 260 |
_aLondon, UK _bLawrence Erlbaum Associates Publishers _c2006 |
||
| 300 | _axxii, 358p. | ||
| 365 |
_aGBP _b78.99 |
||
| 700 |
_a Cole Michael Ed. _9780091 |
||
| 942 |
_cREF _h301.092, OLS/RR |
||
| 999 |
_c1393644 _d1393644 |
||